| 000 | 00700 a2200229 4500 | ||
|---|---|---|---|
| 003 | Nust | ||
| 005 | 20170207171534.0 | ||
| 010 | _a 2009497203 | ||
| 020 | _a9780123740922 | ||
| 040 | _cNust | ||
| 082 | _a006 | ||
| 100 | 1 | _aRamaswami, Rajiv. | |
| 245 | 1 | 0 |
_aOptical networks: a practical perspective (EBOOK) _cRajiv Ramaswami, Kumar N. Sivarajan, Galen H. Sasaki. |
| 250 | _a3rd ed. | ||
| 260 |
_aAmsterdam ; _aBoston : _bElsevier/Morgan Kaufmann, _cc2010. |
||
| 300 |
_axxxvi, 893 p. : _bill. ; _c25 cm. |
||
| 440 | 4 | _aThe Morgan Kaufmann series in networking | |
| 650 | 0 | _aFiber optics. | |
| 650 | 0 | _aOptical communications. | |
| 700 | 1 |
_aSasaki, Galen H. _d1959- |
|
| 700 | 1 | _aSivarajan, Kumar N. | |
| 942 |
_2ddc _cBK |
||
| 999 |
_c217149 _d217149 |
||